LEADER 00740nam a2200205 i 4500 001 000000064780 003 CaOOAMICUS 005 20131016000000.0 008 131016n xx u000 u heb u 013 $a35952 040 $aSeMil$bita 245 10$aTextes. 300 $a79 p. 490 0 $aLectio divina [Cerf] ;$v65 700 1 $aPotin, Jean.$0(OLS)http://semarc/name/13190 773 0 $aPotin, Jean$tFête juive de la Pentecôte.$dParis : Les Éditions du Cerf, 1971.$kLectio divina $gTome2$w()28900 830 0$aLectio divina ;$v65.$0(OLS)http://semarc/title/8 850 $aSeMil 852 $aSeMil$W1$xVenegono$y1$m2WA K 65/2$j30933$B30933$CSeMilBibl$Z2$F30936 $81 996 $6245$aTextes$9(OLS)http://semarc/title/72364 LEADER 01275nam a2200289 i 4500 001 000000181831 003 CaOOAMICUS 005 20260128144100.0 008 090923s1953 it u000 u syr u 013 $a159749 040 $aSeMil$bita 100 1 $aBabai : Magnus.$0(OLS)http://semarc/name/67082 245 10$aBabai Magni Liber de unione [Textus] /$cEdidit A. Vaschalde. 260 $aLouvain :$bImprimerie Orientaliste,$c1953. 300 $a1 v. ;$c25 cm. 490 0 $aCorpus Scriptorum Christianorum Orientalium ;$v79 490 0 $aCorpus Scriptorum Christianorum Orientalium. Scriptores Syri ;$v34 500 $aRéimpression anastatique. 700 1 $aVaschalde, Arthur Adolphe.$0(OLS)http://semarc/name/9822 830 0$aCorpus Scriptorum Christianorum Orientalium ;$v79.$0(OLS)http://semarc/title/77 830 0$aCorpus Scriptorum Christianorum Orientalium. Scriptores Syri ;$v34.$0(OLS)http://semarc/title/9544 850 $aSeMil 852 $aSeMil$W1$xVenegono$y1$m2S III 79$j132535$B132535$CSeMilBibl$Z2$F144377 $81 961 $aOmaggio: Altro 996 $6245$aBabai Magni Liber de unione [Textus]$9(OLS)http://semarc/title/260926 996 $6260$aLouvain :$bImprimerie Orientaliste$9(OLS)http://semarc/publisher/35644